000 00631nam a2200241 a 4500
001 BRCA_4263
005 20190320204615.0
008 150610s1962----fr-a######---#000-0#fre-#
041 _afre
044 _afr
050 4 _aCR222
_b.P35 1962
245 1 0 _aLes Paincons de Garantie Internationaux pour l´Argent.
250 _a6
260 _aParís
_bTardy
_c1962
300 _a420 p.
_bil.
_c17 cm.
500 _aIncluye tabla de materias
500 _aEstado físico: Lomo desprendido
500 _aAM76
650 1 4 _aEmblemas nacionales
_vSellos
_910995
650 1 4 _aNumismática
_9914
902 _aGFM
942 _2lcc
_cB
999 _c3974
_d3974